01158 a2200205 4500003000500000005001700005010001700022020002800039040000900067082001400076100002600090245008200116260003700198300004500235440005200280505041800332650003300750856007800783856009100861Nust20220720112132.0 a 2003046280 a0849312418 (alk. paper) cNust00a003.3,CHU1 aChung, Christopher A.10aSimulation modeling handbook :ba practical approach /cChristopher A. Chung. aBoca Raton :bCRC Press,cc2004. a1 v. (various pagings) :bill. ;c26 cm. 0aIndustrial and manufacturing engineering series aIntroduction (Page 1-1), Problem Formulation (Page 2-1), Project Planning (Page 3-1), System Definition Page (4-1), Input Data Collection and Analysis (Page 5-1), Model Translation (Page 6-1), Verification (Page 7-1), Validation (Page 8-1), Experimental Design (Page 9-1), Analysis (Page 10-1), Project Reports and Presentations (Page-11-1), Training Simulators (Page 12-1), Simpak User’s Manual (Page 13-1),  0aDigital computer simulation.423Book review (E-STREAMS)uhttp://www.e-streams.com/es0710/es0710_3601.html423Publisher descriptionuhttp://www.loc.gov/catdir/enhancements/fy0646/2003046280-d.html